Części ciała po niemiecku - Statystyki

Ogólne statystyki
  • Ten quiz został rozwiązany 2 026 razy
  • Średni wynik to 13 z 20
Statystyki odpowiedzi
Hint Odpowiedź % Poprawnych
oko das Auge
88%
brzuch der Bauch
85%
ręka der Arm
84%
głowa der Kopf
83%
dłoń die Hand
81%
palec (u ręki) der Finger
80%
ucho das Ohr
76%
nos die Nase
76%
usta der Mund
75%
kolano das Knie
73%
noga das Bein
72%
szyja/gardło der Hals
71%
włos das Haar
66%
stopa der Fuß
57%
ząb der Zahn
49%
pupa der Po
47%
plecy der Rücken
46%
klatka piersiowa die Brust
35%
palec (u nogi) die Zehe
28%
ciało der Körper
20%
Nie znaleziono quizów pasujących do podanych kryteriów
Rozkład punktacji
Procent ludzi z każdym wynikiem
Percentyl według liczby udzielonych odpowiedzi
Twoja historia wyników
Nie rozwiązałeś tego quizu